000 00492nam a2200181Ia 4500
001 5133
005 20260306145846.0
008 260306t2013||||xx |||||||||||||| ||spa||
041 _aESP
082 _a333.7932
_bC28
100 _aCarrasco Valencia, Alfonso
_eAUT
245 0 _aUsos productivos de la electricidad:
_bexperiencias y lecciones en el área rural peruana
260 _c2013
300 _a141 páginas :
_c24 cm.
650 _aGEN
654 _aCAN
942 _cLIB
_dJUS
_fJUS
_2ddc
_n
999 _c5133
_d5133